000 00603nam a22001937a 4500
999 _c631
_d631
003 AR-CdUCM
008 190220b ||||| |||| 00| 0 spa d
040 _aMUNICIPALIDAD PROVINCIAL DEL CUSCO
_cBIBLIOTECA MUNICIPAL DEL CUSCO
082 _a947.08 /
_bS47
100 _aShestakov, Andreív Vasïlevïch
_92455
245 _aHistoria de la U.R.S.S. /
_cA. Shestakov
260 _aLima :
_bFondo de Cultura Popular,
_c1965.
300 _a254 páginas. ;
_c18 cm.
440 _aColección de grandes autores
_92456
650 _aRusia
_9499
650 _aHistoria
_9136
942 _2ddc
_cLIBROS
945 _arac